Shortest Capital (Europe) A-Z Blitz Quiz Stats

 Plays Quiz Updated Mar 26, 2018

Score 0/17 Timer 01:30
16 Plays Today
Initial Capital % Correct
RRiga and Rome
88.6%
LLondon and Lisbon
87.4%
OOslo
86.8%
BBern
81.6%
PParis
78.6%
WWarsaw
72.2%
ZZagreb
71%
AAthens and Ankara
68.3%
KKyiv
64.2%
Initial Capital % Correct
DDublin
60.8%
HHelsinki
54.7%
VVaduz
53%
MMinsk
42.6%
SSofia
36.3%
NNicosia
29.8%
TTirana
29.4%
CChisinau
28.4%

You're not logged in!

Compare scores with friends on all Sporcle quizzes.
OR
Log In

You Might Also Like...

Show Comments

Extras

Top Quizzes Today


Score Distribution

Your Account Isn't Verified!

In order to create a playlist on Sporcle, you need to verify the email address you used during registration. Go to your Sporcle Settings to finish the process.

Report this User

Report this user for behavior that violates our Community Guidelines.

Details: